[Event "BCF-chT2a 1314 (4NCL)"]
[Site "England"]
[Date "2013.11.17"]
[Round "2.37"]
[White "Anuradha, Beniwal"]
[Black "Maguire, Robert"]
[Result "0-1"]
[WhiteElo "2047"]
[BlackElo "1971"]
[PlyCount "70"]
[EventDate "2013.11.16"]
[EventType "team-swiss"]
[EventRounds "11"]
[EventCountry "ENG"]
[SourceTitle "CBM 157 Extra"]
[Source "ChessBase"]
[SourceDate "2013.12.19"]
[SourceVersion "1"]
[SourceVersionDate "2013.12.19"]
[SourceQuality "1"]
[WhiteTeam "Cambridge II"]
[BlackTeam "KJCA Kings"]
[WhiteTeamCountry "ENG"]
[BlackTeamCountry "ENG"]

1. e4 e5 2. Nf3 Nc6 3. Bb5 a6 4. Ba4 Nf6 5. 0-0 Be7 6. Re1 b5 7. Bb3 d6 8. h3 0-0 9. c3 Na5 10. Bc2 c5 11. d4 cxd4 12. cxd4 exd4 13. Nxd4 Bd7 14. b3 Nc6 15. Nxc6 Bxc6 16. Bb2 Ne8 17. Qd3 g6 18. Qc3 Bf6 19. e5 Bxe5 20. Rxe5 dxe5 21. Qxc6 Rc8 22. Qe4 Qc7 23. Na3 f6 24. b4 Nd6 25. Bb3+ Kg7 26. Qf3 Qe7 27. Rd1 Rfd8 28. g4 Nf7 29. Rxd8 Rxd8 30. Bxf7 Qxf7 31. g5 Rd2 32. Qc3 Rd1+ 33. Kh2 fxg5 34. Qxe5+ Kh6 35. Qe3 Qd5 0-1

[Event "BCF-chT2b 1213 (4NCL)"]
[Site "England"]
[Date "2012.11.04"]
[Round "2.76"]
[White "Maguire, Robert"]
[Black "Whitehead, David J"]
[Result "1/2-1/2"]
[WhiteElo "1956"]
[BlackElo "2035"]
[PlyCount "204"]
[EventDate "2012.11.03"]
[EventType "team-tourn"]
[EventRounds "7"]
[EventCountry "ENG"]
[SourceTitle "EXT 2014"]
[Source "ChessBase"]
[SourceDate "2013.11.20"]
[SourceVersion "1"]
[SourceVersionDate "2013.11.20"]
[SourceQuality "1"]
[WhiteTeam "KJCA Kings"]
[BlackTeam "3CS Oldham"]
[WhiteTeamCountry "ENG"]
[BlackTeamCountry "ENG"]

1. e4 c5 2. Nf3 Nc6 3. d4 cxd4 4. Nxd4 Nf6 5. Nc3 e5 6. Ndb5 d6 7. Bg5 a6 8. Na3 b5 9. Nd5 Be7 10. Bxf6 Bxf6 11. c3 Bg5 12. Nc2 0-0 13. a4 bxa4 14. Rxa4 a5 15. Bc4 Rb8 16. Ra2 Kh8 17. Nce3 Be6 18. b3 Bh6 19. h4 f5 20. Nxf5 Bxf5 21. exf5 Ne7 22. g4 Nxd5 23. Qxd5 Bf4 24. Rxa5 e4 25. Ra2 Qf6 26. Rc2 e3 27. f3 Be5 28. Ke2 Rbc8 29. Qe6 Qd8 30. Qd5 Rc5 31. Qe4 Re8 32. Be6 Bxc3 33. Qa4 d5 34. Rd1 d4 35. Bc4 Ra5 36. Qc6 Qb8 37. f6 Qh2+ 38. Kd3 Qe5 39. fxg7+ Kxg7 40. Qe4 Qxe4+ 41. fxe4 Rf8 42. Rxc3 dxc3 43. Kxe3 Ra2 44. Rc1 Rg2 45. Rxc3 Rxg4 46. Be6 Rxh4 47. b4 Kf6 48. Bf5 Rb8 49. Rc4 Ke5 50. Rc6 Rxe4+ 51. Bxe4 Rxb4 52. Bxh7 Rb3+ 53. Bd3 Ra3 54. Rc5+ Kd6 55. Rh5 Ke6 56. Kd4 Ra4+ 57. Bc4+ Kf6 58. Rc5 Ra1 59. Ke4 Re1+ 60. Kf4 Rc1 61. Rc6+ Ke7 62. Ke5 Re1+ 63. Kd5 Rd1+ 64. Kc5 Re1 65. Rc7+ Kf6 66. Rf7+ Kg6 67. Rf2 Rd1 68. Bd5 Kg5 69. Kd6 Re1 70. Bc6 Re3 71. Kd5 Re1 72. Kd4 Re7 73. Be4 Ra7 74. Rf5+ Kg4 75. Rf6 Kg5 76. Rf1 Re7 77. Rf5+ Kg4 78. Ke3 Ra7 79. Rf6 Ra3+ 80. Bd3 Ra5 81. Rg6+ Rg5 82. Be2+ Kf5 83. Bd3+ Kg4 84. Rh6 Re5+ 85. Be4 Ra5 86. Bf3+ Kg3 87. Rg6+ Kh4 88. Kf4 Ra4+ 89. Be4 Kh5 90. Rg7 Ra6 91. Rg1 Kh6 92. Rh1+ Kg7 93. Rh7+ Kg8 94. Rc7 Ra5 95. Bf5 Kf8 96. Kg5 Ra6 97. Be4 Rd6 98. Kf5 Ke8 99. Rh7 Rb6 100. Ke5 Kf8 101. Bd5 Ra6 102. Be6 Ra5+ 1/2-1/2

[Event "BCF-chT3 1112 (4NCL)"]
[Site "England"]
[Date "2012.05.06"]
[Round "10.59"]
[White "Stille, Alexander"]
[Black "Maguire, Robert"]
[Result "1-0"]
[WhiteElo "2089"]
[BlackElo "1922"]
[PlyCount "57"]
[EventDate "2011.11.12"]
[EventType "team-swiss"]
[EventRounds "11"]
[EventCountry "ENG"]
[SourceTitle "EXT 2013"]
[Source "ChessBase"]
[SourceDate "2012.11.22"]
[SourceVersion "1"]
[SourceVersionDate "2012.11.22"]
[SourceQuality "1"]
[WhiteTeam "AMCA Rhinos"]
[BlackTeam "KJCA Kings"]
[WhiteTeamCountry "ENG"]
[BlackTeamCountry "ENG"]

1. d4 Nf6 2. c4 g6 3. Nc3 Bg7 4. e4 d6 5. Bd3 0-0 6. Nge2 c5 7. d5 e6 8. h3 exd5 9. cxd5 Re8 10. Bf4 a6 11. a4 Qe7 12. 0-0 Nbd7 13. Bh2 c4 14. Bc2 Nc5 15. f3 Qc7 16. Kh1 Bd7 17. Nd4 Rab8 18. a5 b5 19. axb6 Rxb6 20. Na4 Nxa4 21. Bxa4 Bxa4 22. Rxa4 Rxb2 23. Rxa6 Rb6 24. Rxb6 Qxb6 25. Nc6 Qc5 26. Qa4 Nxe4 27. fxe4 Rxe4 28. Bg1 Qxd5 29. Qa8+ 1-0

[Event "BCF-chT3 1011 (4NCL)"]
[Site "England"]
[Date "2011.05.01"]
[Round "10.37"]
[White "Maguire, Robert"]
[Black "Doran, Chris"]
[Result "1/2-1/2"]
[WhiteElo "1925"]
[BlackElo "2020"]
[PlyCount "49"]
[EventDate "2010.11.06"]
[EventType "team-swiss"]
[EventRounds "9"]
[EventCountry "ENG"]
[SourceTitle "EXT 2012"]
[Source "ChessBase"]
[SourceDate "2011.11.24"]
[SourceVersion "1"]
[SourceVersionDate "2011.11.24"]
[SourceQuality "1"]
[WhiteTeam "KJCA Kings"]
[BlackTeam "Holmes Chapel"]
[WhiteTeamCountry "ENG"]
[BlackTeamCountry "ENG"]

1. e4 c5 2. Nf3 d6 3. d4 cxd4 4. Nxd4 Nf6 5. Nc3 g6 6. Be3 Bg7 7. f3 Nc6 8. Qd2 0-0 9. Bc4 Bd7 10. h4 Rc8 11. Bb3 h5 12. 0-0-0 Ne5 13. Bg5 Rc5 14. Kb1 b5 15. g4 hxg4 16. h5 Nxh5 17. Nd5 Re8 18. Rxh5 gxh5 19. Qh2 Rxd5 20. Bxd5 Qb6 21. Nf5 Bxf5 22. exf5 Nxf3 23. Bxf7+ Kxf7 24. Qxh5+ Kf8 25. Bh6 1/2-1/2

[Event "BCF-chT3 0910 (4NCL)"]
[Site "England"]
[Date "2010.05.02"]
[Round "10.5"]
[White "Maguire, Robert"]
[Black "Lee, Richard WY"]
[Result "1-0"]
[WhiteElo "1825"]
[BlackElo "2058"]
[PlyCount "87"]
[EventDate "2009.10.24"]
[EventType "team-tourn"]
[EventRounds "11"]
[EventCountry "ENG"]
[SourceTitle "EXT 2011"]
[Source "ChessBase"]
[SourceDate "2010.11.26"]
[SourceVersion "1"]
[SourceVersionDate "2010.11.26"]
[SourceQuality "1"]
[WhiteTeam "KJCA Kings"]
[BlackTeam "Cambridge University II"]
[WhiteTeamCountry "ENG"]
[BlackTeamCountry "ENG"]

1. e4 c5 2. Nf3 d6 3. d4 cxd4 4. Nxd4 Nf6 5. Nc3 a6 6. Be3 e5 7. Nb3 Be6 8. f3 Be7 9. Qd2 0-0 10. 0-0-0 Nbd7 11. g4 b5 12. g5 b4 13. Ne2 Ne8 14. f4 a5 15. f5 a4 16. Nbd4 exd4 17. Nxd4 b3 18. Kb1 bxc2+ 19. Nxc2 Bb3 20. axb3 axb3 21. Na3 Ne5 22. h4 Ra4 23. Qg2 Qa8 24. Rd4 Kh8 25. Rxa4 Qxa4 26. Bb5 Qa8 27. Rc1 d5 28. exd5 Bxa3 29. bxa3 Nd6 30. Bf1 Nxf5 31. Bc5 Re8 32. Bb5 Rb8 33. Qe4 Rxb5 34. Qxf5 Qe8 35. Qe4 f6 36. Bd6 Kg8 37. gxf6 gxf6 38. Rg1+ Kh8 39. Qf5 Nd7 40. Qe6 Qc8 41. Bc7 Rb8 42. Qe7 Qf8 43. Qxd7 Re8 44. Bd6 1-0

[Event "BCF-chT3 0910 (4NCL)"]
[Site "England"]
[Date "2009.10.25"]
[Round "2.5"]
[White "Maguire, Robert"]
[Black "Matthews, Adrian MS"]
[Result "1-0"]
[WhiteElo "1825"]
[BlackElo "1936"]
[PlyCount "70"]
[EventDate "2009.10.24"]
[EventType "team-tourn"]
[EventRounds "11"]
[EventCountry "ENG"]
[SourceTitle "EXT 2011"]
[Source "ChessBase"]
[SourceDate "2010.11.26"]
[SourceVersion "1"]
[SourceVersionDate "2010.11.26"]
[SourceQuality "1"]
[WhiteTeam "KJCA Kings"]
[BlackTeam "FCA Solutions II"]
[WhiteTeamCountry "ENG"]
[BlackTeamCountry "ENG"]

1. e4 c5 2. Nf3 Nc6 3. d4 cxd4 4. Nxd4 Nf6 5. Nc3 e5 6. Ndb5 d6 7. Bg5 a6 8. Na3 b5 9. Nd5 Be7 10. Bxf6 Bxf6 11. c3 Bg5 12. Nc2 0-0 13. a4 bxa4 14. Rxa4 a5 15. Bc4 Rb8 16. Ra2 Kh8 17. Nce3 g6 18. h4 Bxh4 19. g3 Bg5 20. f4 exf4 21. gxf4 Bh4+ 22. Kf1 f5 23. b4 fxe4 24. Rah2 g5 25. Ke2 Rb7 26. b5 Be6 27. Rxh4 gxh4 28. bxc6 Rb2+ 29. Ke1 Bxd5 30. Nxd5 h6 31. Qd4+ Kh7 32. Qxe4+ Kh8 33. Qd4+ Rf6 34. Nxf6 Rb1+ 35. Kd2 Rxh1 1-0

[Event "BCF-chT3 0809 (4NCL)"]
[Site "Hinckley Island"]
[Date "2009.03.21"]
[Round "7.6"]
[White "Gilbert, Colin"]
[Black "Maguire, Robert"]
[Result "0-1"]
[WhiteElo "1893"]
[BlackElo "1702"]
[PlyCount "114"]
[EventDate "2008.10.18"]
[EventType "team-swiss"]
[EventRounds "11"]
[EventCountry "ENG"]
[SourceTitle "EXT 2010"]
[Source "ChessBase"]
[SourceDate "2010.11.25"]
[SourceVersion "1"]
[SourceVersionDate "2010.11.25"]
[SourceQuality "1"]
[WhiteTeam "FPONTY"]
[BlackTeam "KJCA Kings"]
[WhiteTeamCountry "ENG"]
[BlackTeamCountry "ENG"]

1. d4 Nf6 2. c4 g6 3. Nc3 Bg7 4. Nf3 0-0 5. h3 d6 6. e4 e5 7. Bg5 h6 8. Be3 Nh5 9. Qd2 Nf4 10. g3 exd4 11. Nxd4 Bxd4 12. Bxd4 Ne6 13. Be3 Ng5 14. 0-0-0 Nc6 15. f4 Nh7 16. g4 f5 17. gxf5 gxf5 18. Qd5+ Kh8 19. e5 dxe5 20. Qxd8 Rxd8 21. Rxd8+ Nxd8 22. fxe5 Ng5 23. Be2 Nde6 24. h4 Nf7 25. Rg1 f4 26. Bf2 Nxe5 27. Nd5 Bd7 28. Ne7 f3 29. Bf1 Kh7 30. Nd5 Rf8 31. Kd2 c6 32. Nc3 Nf4 33. Bd4 f2 34. Rg3 Neg6 35. Ne4 Bh3 36. Nf6+ Rxf6 37. Rxh3 Rd6 38. Ke3 Nxh3 39. Bxh3 Nxh4 40. Bxa7 Rf6 41. Ke2 Ng6 42. Bf1 Ne5 43. Bxf2 Nxc4 44. b3 Nd6 45. Bd4 Rf4 46. Be3 Rf7 47. Bh3 Nb5 48. a4 Nc3+ 49. Kd3 Nd5 50. Bg2 Nxe3 51. Kxe3 Rg7 52. Be4+ Kg8 53. Kd4 Rg4 54. Ke5 Rxe4+ 55. Kxe4 Kf7 56. b4 Ke6 57. b5 cxb5 0-1

[Event "BCF-chT3 0809 (4NCL)"]
[Site "Hinckley Island"]
[Date "2008.10.19"]
[Round "2.5"]
[White "Pitt, Christopher"]
[Black "Maguire, Robert"]
[Result "0-1"]
[WhiteElo "1780"]
[BlackElo "1710"]
[PlyCount "66"]
[EventDate "2008.10.18"]
[EventType "team-swiss"]
[EventRounds "11"]
[EventCountry "ENG"]
[SourceTitle "EXT 2010"]
[Source "ChessBase"]
[SourceDate "2010.11.25"]
[SourceVersion "1"]
[SourceVersionDate "2010.11.25"]
[SourceQuality "1"]
[WhiteTeam "Halesowen"]
[BlackTeam "KJCA Kings"]
[WhiteTeamCountry "ENG"]
[BlackTeamCountry "ENG"]

1. e4 e5 2. Nf3 Nc6 3. Bb5 a6 4. Ba4 Nf6 5. d3 d6 6. c3 b5 7. Bc2 Be7 8. Nbd2 0-0 9. Nf1 Na7 10. Ne3 c5 11. 0-0 Nc6 12. a4 Rb8 13. Qe2 Be6 14. Ng5 Bd7 15. f4 exf4 16. Rxf4 Ne5 17. Rf1 Nfg4 18. Nxg4 Bxg4 19. Qe3 Bxg5 20. Qxg5 Be2 21. Rf2 Bxd3 22. Qd2 c4 23. axb5 axb5 24. b3 Qb6 25. Qe3 Qxe3 26. Bxe3 Bxc2 27. Rxc2 cxb3 28. Rf2 Nc4 29. Rf3 b2 30. Rb1 Ra8 31. Bf4 Ra1 32. Rff1 Rxb1 33. Rxb1 Ra8 0-1

[Event "BCF-chT4 0708 (4NCL)"]
[Site "England"]
[Date "2007.10.28"]
[Round "2.5"]
[White "Larter, Nick J"]
[Black "Maguire, Robert"]
[Result "1-0"]
[WhiteElo "1780"]
[BlackElo "1703"]
[PlyCount "39"]
[EventDate "2007.09.15"]
[EventType "team-swiss"]
[EventRounds "11"]
[EventCountry "ENG"]
[SourceTitle "EXT 2009"]
[Source "ChessBase"]
[SourceDate "2008.11.26"]
[SourceVersion "1"]
[SourceVersionDate "2008.11.26"]
[SourceQuality "1"]
[WhiteTeam "Celtic Tigers II"]
[BlackTeam "KJCA Kings"]
[WhiteTeamCountry "ENG"]
[BlackTeamCountry "ENG"]

1. e4 e5 2. Bc4 Nf6 3. d4 exd4 4. Nf3 Bc5 5. e5 Ne4 6. Bd5 Bb4+ 7. c3 dxc3 8. 0-0 cxb2 9. Bxb2 Nc5 10. Qd4 Nba6 11. Qg4 Qe7 12. Qxg7 Qf8 13. Bxf7+ Qxf7 14. Qxh8+ Ke7 15. Ng5 Qf5 16. Qg7+ Ke8 17. Nxh7 c6 18. Nf6+ Kd8 19. Qf8+ Kc7 20. Ne8+ 1-0

[Event "BCF-chT4 0607 (4NCL)"]
[Site "Sunningdale"]
[Date "2006.09.23"]
[Round "1.5"]
[White "Dale, Hannah"]
[Black "Maguire, Robert"]
[Result "0-1"]
[WhiteElo "1890"]
[BlackElo "1795"]
[PlyCount "110"]
[EventDate "2006.09.16"]
[EventType "team"]
[EventRounds "11"]
[EventCountry "ENG"]
[SourceTitle "CBM 115 Extra"]
[Source "ChessBase"]
[SourceDate "2007.01.10"]
[SourceVersion "1"]
[SourceVersionDate "2007.01.10"]
[SourceQuality "1"]
[WhiteTeam "Coventry"]
[BlackTeam "W Collective II"]
[WhiteTeamCountry "ENG"]
[BlackTeamCountry "ENG"]

1. c4 e6 2. Nc3 Nc6 3. g3 Nf6 4. Bg2 d5 5. cxd5 exd5 6. d3 Bb4 7. a3 Ba5 8. b4 Bb6 9. Bg5 Bd4 10. Rc1 Bxf2+ 11. Kf1 Be6 12. Nf3 Bd4 13. b5 Ng4 14. bxc6 Qxg5 15. Nxg5 Ne3+ 16. Ke1 Nxg2+ 17. Kd2 Be3+ 18. Kc2 Bxg5 19. Qg1 Ne3+ 20. Kb1 bxc6 21. h4 Rb8+ 22. Ka1 Bh6 23. Nd1 d4 24. Nxe3 Bxe3 25. Rb1 0-0 26. Qe1 Bb3 27. Rb2 Rb6 28. Qa5 Bd5 29. Rhb1 Bf2 30. g4 Bxh4 31. Qxa7 Bd8 32. Qa4 c5 33. Rc1 Bc6 34. Qa5 Bd7 35. Rg1 Rc6 36. g5 Be7 37. Qd2 Ra6 38. Kb1 Rxa3 39. Ra2 Rxa2 40. Qxa2 g6 41. Qa7 Bd6 42. Qb7 Be6 43. Qf3 Bf5 44. Qf2 f6 45. gxf6 Rxf6 46. Qg2 Kg7 47. Rh1 c4 48. Kc2 cxd3+ 49. exd3 Bd7 50. Qg5 Bf4 51. Qd5 Bc6 52. Rxh7+ Kxh7 53. Qxd4 Rf5 54. Qb4 Bd6 55. Qh4+ Rh5 0-1